[Event "Top Jeunes"]
[Site "Niort"]
[Date "2010.11.21"]
[Round "2.5"]
[White "Vigna, Leo"]
[Black "Barbotte, Leo"]
[Result "1-0"]
[WhiteElo "1685"]
[BlackElo "1510"]
[PlyCount "115"]
[EventDate "2010.??.??"]
[WhiteTeam "Clichy"]
[BlackTeam "Niort"]

1. e4 d6 2. d4 Nf6 3. Nc3 g6 4. Nf3 Bg7 5. Be3 O-O 6. Qd2 c6 7. Bh6 Qc7 8. Bxg7
Kxg7 9. Bd3 Rd8 10. h4 e5 11. dxe5 dxe5 12. Qg5 Nbd7 13. h5 h6 14. Qg3 Nc5 15.
hxg6 Nxd3+ 16. cxd3 fxg6 17. Qxe5 Qxe5 18. Nxe5 Ng4 19. Nxg4 Bxg4 20. f3 Be6
21. O-O-O Rd7 22. Kc2 b5 23. a3 a5 24. a4 b4 25. Ne2 b3+ 26. Kc3 Rb8 27. Nd4
Bf7 28. Ne2 Rb4 29. g4 Rxa4 30. Ra1 Ra2 31. Rxa2 bxa2 32. Ra1 a4 33. Nc1 Rd6
34. Nxa2 Rf6 35. Nb4 c5 36. Nd5 Rxf3 37. Rxa4 Bxd5 38. exd5 Kf6 39. Rc4 Rg3 40.
Re4 h5 41. d6 Rxg4 42. d7 Rxe4 43. d8=Q+ Re7 44. Qd6+ Re6 45. Qxc5 Re5 46. Qd6+
Re6 47. Qf4+ Kg7 48. b4 Rc6+ 49. Kb3 Rf6 50. Qe5 Kf7 51. b5 Rf5 52. Qc7+ Kg8
53. b6 Rb5+ 54. Kc2 Rf5 55. b7 Rf7 56. b8=Q+ Rf8 57. Qxf8+ Kxf8 58. d4 1-0

[Event "Top Jeunes"]
[Site "Niort"]
[Date "2010.11.21"]
[Round "2.6"]
[White "Barbotte, Pierre"]
[Black "Kieffer, Anatole"]
[Result "0-1"]
[WhiteElo "1470"]
[BlackElo "1671"]
[PlyCount "142"]
[EventDate "2010.??.??"]
[WhiteTeam "Niort"]
[BlackTeam "Clichy"]

1. e4 e5 2. Nc3 Nf6 3. g3 Nc6 4. Bg2 Bb4 5. Nge2 O-O 6. O-O d6 7. a3 Ba5 8. b4
Bb6 9. Na4 Be6 10. Nxb6 axb6 11. h3 Nxb4 12. Bb2 Nc6 13. d3 Qd7 14. Kh2 Ne8 15.
Qd2 Qe7 16. f4 Bd7 17. Rae1 Nf6 18. Ng1 Ra5 19. f5 Na7 20. c4 Ra6 21. Ra1 b5
22. Rfe1 bxc4 23. dxc4 Bc6 24. Qe2 b6 25. Rab1 Ba8 26. c5 Ra4 27. cxb6 cxb6 28.
Ra1 Bxe4 29. Bxe4 Rxe4 30. Qf1 Nd7 31. Qg2 Ra4 32. Rf1 Nf6 33. g4 h6 34. Rae1
Nh7 35. Nf3 Ng5 36. Nxg5 Qxg5 37. Bc1 Qh4 38. g5 hxg5 39. Bxg5 Qh7 40. f6 g6
41. Qd2 Rxa3 42. Re3 Rxe3 43. Qxe3 Qh5 44. Rg1 Rc8 45. Qxb6 Rc2+ 46. Rg2 Rxg2+
47. Kxg2 Qxg5+ 48. Kh2 Qxf6 49. Qxa7 Kg7 50. Qg1 Qf4+ 51. Kh1 f5 52. Qa7+ Kf6
53. Qd7 e4 54. Qd8+ Ke5 55. Qe8+ Kd4 56. Qxg6 Qe5 57. Qg1+ Kd5 58. Qd1+ Qd4 59.
Qb3+ Ke5 60. Qb5+ Qd5 61. Qe8+ Kf4 62. Qh5 e3+ 63. Kg1 Qg8+ 64. Kf1 Qc4+ 65.
Kg1 Qc1+ 66. Kh2 Qd2+ 67. Kg1 Qe1+ 68. Kh2 Qf2+ 69. Kh1 Qf3+ 70. Qxf3+ Kxf3 71.
Kg1 e2 0-1

[Event "Top Jeunes"]
[Site "Niort"]
[Date "2010.11.21"]
[Round "2.7"]
[White "Banat, Rayan"]
[Black "Gaubert, Cedric"]
[Result "1-0"]
[WhiteElo "1560"]
[BlackElo "1009"]
[PlyCount "69"]
[EventDate "2010.??.??"]
[WhiteTeam "Clichy"]
[BlackTeam "Niort"]

1. d4 d6 2. Nf3 Nf6 3. h3 g6 4. Bf4 Bg7 5. e3 O-O 6. Bd3 c6 7. Nbd2 d5 8. c3
Qc7 9. Bxc7 Bf5 10. Bxf5 gxf5 11. Be5 Nbd7 12. Qc2 Nxe5 13. dxe5 Ne4 14. Nxe4
fxe4 15. Ng5 h6 16. Nxe4 dxe4 17. Qxe4 e6 18. O-O f5 19. Qc4 Rac8 20. Qxe6+ Kh7
21. Rad1 Rfe8 22. Qd7 Rb8 23. e6 Red8 24. Qxd8 Rxd8 25. Rxd8 Bf6 26. Rd7+ Kg8
27. Rfd1 b5 28. Rf7 Bg7 29. Rd8+ Kh7 30. e7 Kg6 31. e8=Q c5 32. Rxg7+ Kxg7 33.
Qe6 Kh7 34. Rd7+ Kh8 35. Qe8# 1-0

[Event "Top Jeunes"]
[Site "Niort"]
[Date "2010.11.21"]
[Round "2.8"]
[White "Banat, Samy"]
[Black "Habiballah, Linda"]
[Result "1-0"]
[WhiteElo "1470"]
[BlackElo "1120"]
[PlyCount "81"]
[EventDate "2010.??.??"]
[WhiteTeam "Clichy"]
[BlackTeam "Niort"]

1. d4 d6 2. Bf4 Nf6 3. Nf3 g6 4. e3 Bg7 5. Bd3 O-O 6. h3 c6 7. O-O Qc7 8. c4
Rd8 9. Nc3 Qa5 10. Qe2 Qb6 11. Rfb1 d5 12. cxd5 cxd5 13. a4 Nc6 14. b4 Nxb4 15.
a5 Qc6 16. Nb5 a6 17. Rxb4 axb5 18. Bxb5 Qc7 19. Bxc7 Rd6 20. Bxd6 exd6 21. a6
bxa6 22. Bxa6 Bxa6 23. Rxa6 Rc8 24. Qb2 Nd7 25. Ra7 Nc5 26. dxc5 Bxb2 27. Rxb2
Rxc5 28. Rb8+ Kg7 29. Ng5 h6 30. Ne6+ Kf6 31. Nxc5 g5 32. Nd7+ Ke6 33. Re8+ Kf5
34. g4+ Kg6 35. Nf8+ Kf6 36. Rd7 Kg7 37. Ree7 Kxf8 38. Rxf7+ Ke8 39. Ra7 d4 40.
Rfb7 Kd8 41. Rb8# 1-0

[Event "Top Jeunes"]
[Site "Niort"]
[Date "2010.11.21"]
[Round "2.9"]
[White "Habiballah, Linda"]
[Black "Banat, Rayan"]
[Result "0-1"]
[WhiteElo "1120"]
[BlackElo "1560"]
[PlyCount "52"]
[EventDate "2010.??.??"]
[WhiteTeam "Niort"]
[BlackTeam "Clichy"]

1. e4 d5 2. Nf3 dxe4 3. Ne5 Qd4 4. Nc4 Nf6 5. Nc3 Ng4 6. Qe2 Nc6 7. b3 Nb4 8.
h3 Nxc2+ 9. Kd1 Nxa1 10. hxg4 e6 11. Nxe4 e5 12. Bb2 Qd7 13. Bxa1 f6 14. Kc2
Qxg4 15. Qd3 Bf5 16. Be2 Qxe4 17. Bh5+ g6 18. Bf3 Qxd3+ 19. Kd1 Qb1+ 20. Ke2
Qxh1 21. Bc3 Rd8 22. d3 Bxd3+ 23. Kd2 Bh6+ 24. Ne3 Bxe3+ 25. Kxe3 f5 26. Bxe5
Qc1# 0-1

[Event "Top Jeunes"]
[Site "Niort"]
[Date "2010.11.21"]
[Round "2.10"]
[White "Gaubert, Cedric"]
[Black "Banat, Samy"]
[Result "0-1"]
[WhiteElo "1009"]
[BlackElo "1470"]
[PlyCount "38"]
[EventDate "2010.??.??"]
[WhiteTeam "Niort"]
[BlackTeam "Clichy"]

1. d4 Nf6 2. e3 g6 3. f4 Bg7 4. Nf3 d6 5. Bd3 O-O 6. O-O Nc6 7. Qe1 Re8 8. c3
e5 9. b3 e4 10. Bc2 exf3 11. g4 Bxg4 12. h3 Bxh3 13. Rxf3 Bg4 14. Rg3 d5 15. e4
Bc8 16. e5 Ne4 17. Bxe4 dxe4 18. Qe2 Bh6 19. Qh2 Bg7 0-1

[Event "Top Jeunes"]
[Site "Niort"]
[Date "2010.11.21"]
[Round "2.1"]
[White "Msellek, Ilyass"]
[Black "Barbot, Pierre"]
[Result "1-0"]
[WhiteElo "2059"]
[BlackElo "2177"]
[PlyCount "111"]
[EventDate "2010.??.??"]
[WhiteTeam "Villepinte"]
[BlackTeam "Sautron"]

1. d4 Nf6 2. c4 g6 3. Nc3 d5 4. cxd5 Nxd5 5. Bd2 Nb6 6. Nf3 Bg7 7. Bg5 c5 8. e3
cxd4 9. Nxd4 O-O 10. Be2 Qd6 11. O-O f6 12. Bh4 e5 13. Ndb5 Qe7 14. Qd6 Nc6 15.
Rad1 Rf7 16. Ne4 g5 17. Bg3 Bf5 18. Nc5 Rd8 19. Qxe7 Rxe7 20. Nd6 Bc2 21. Rd2
Bg6 22. Rfd1 f5 23. Nxf5 Bxf5 24. Rxd8+ Nxd8 25. Rxd8+ Kf7 26. e4 Rc7 27. b4
Bc8 28. Bh5+ Ke7 29. Re8+ Kd6 30. Be2 Re7 31. Rd8+ Kc7 32. Rd1 Nd7 33. Nb3 Nf8
34. Nd4 Rd7 35. Nb5+ Kb8 36. Nd6 Ng6 37. Nxc8 Rxd1+ 38. Bxd1 Kxc8 39. f3 Nf4
40. Be1 Kc7 41. Bc3 Kd6 42. Kf2 Bf6 43. g3 Ne6 44. Bb3 Nd4 45. Bxd4 exd4 46. f4
gxf4 47. gxf4 Kd7 48. e5 Be7 49. a3 a5 50. Kf3 axb4 51. a4 Kc6 52. f5 Bd8 53.
f6 b5 54. a5 Kb7 55. Ke4 Ka6 56. Kf5 1-0

[Event "Top Jeunes"]
[Site "Niort"]
[Date "2010.11.21"]
[Round "2.2"]
[White "Bapst, Valentin"]
[Black "Clement, Alexandre"]
[Result "1-0"]
[WhiteElo "1905"]
[BlackElo "1923"]
[PlyCount "105"]
[EventDate "2010.??.??"]
[WhiteTeam "Sautron"]
[BlackTeam "Villepinte"]

1. e4 c5 2. Nf3 e6 3. d4 cxd4 4. Nxd4 Nf6 5. Nc3 Nc6 6. Ndb5 Bc5 7. Bf4 O-O 8.
Bc7 Qe7 9. Bd6 Bxd6 10. Qxd6 Ne8 11. Qxe7 Nxe7 12. O-O-O f5 13. f3 a6 14. Nd6
Nxd6 15. Rxd6 fxe4 16. Nxe4 b5 17. Rd2 d5 18. Nc5 Ra7 19. Bd3 Rc7 20. Nb3 Nc6
21. Re1 e5 22. Kb1 Rd8 23. Red1 Nb4 24. Be4 Rcd7 25. Bf5 Rd6 26. Bxc8 Rxc8 27.
c3 Nc6 28. Rxd5 Rg6 29. R1d2 Rh6 30. h3 Rf6 31. Re2 g5 32. Nd2 h5 33. Ne4 Rg6
34. Rd6 Rxd6 35. Nxd6 Rc7 36. Ne4 Rg7 37. Nf6+ Kf7 38. Nxh5 Rh7 39. Ng3 Kg6 40.
Ne4 Kf5 41. Nc5 a5 42. Ne4 Kf4 43. Rd2 Rh6 44. Kc2 b4 45. Rd3 bxc3 46. bxc3 Re6
47. g3+ Kf5 48. Rd6 Rxd6 49. Nxd6+ Ke6 50. Ne4 Kf5 51. Kd3 Nd8 52. Kc4 Nf7 53.
Kd5 1-0

[Event "Top Jeunes"]
[Site "Niort"]
[Date "2010.11.21"]
[Round "2.3"]
[White "Bellaiche, Elise"]
[Black "Le Pen, Steven"]
[Result "1/2-1/2"]
[WhiteElo "1896"]
[BlackElo "1793"]
[PlyCount "122"]
[EventDate "2010.??.??"]
[WhiteTeam "Villepinte"]
[BlackTeam "Sautron"]

1. e4 c5 2. Nc3 Nc6 3. g3 g6 4. Bg2 Bg7 5. f4 e6 6. d3 Rb8 7. Nf3 Nge7 8. O-O
b5 9. Rb1 b4 10. Na4 Qa5 11. b3 d5 12. Bb2 Bxb2 13. Rxb2 Ba6 14. Nd2 O-O 15.
Qg4 f5 16. exf5 Nxf5 17. Re1 Rbe8 18. Nc4 Qb5 19. Ne5 Ncd4 20. h4 Nh6 21. Qh3
Rf5 22. Qh1 Bb7 23. Bh3 Rf6 24. Bg2 Rf5 25. Bh3 Rf6 26. Bg4 Nhf5 27. Qh3 h5 28.
Bd1 Nh6 29. g4 hxg4 30. Nxg4 Nxg4 31. Qxg4 Kf7 32. Re5 Rh8 33. Rg5 Nf5 34. h5
gxh5 35. Rxh5 Rxh5 36. Qxh5+ Rg6+ 37. Kf2 c4 38. Bg4 Ng7 39. Bxe6+ Nxe6 40. f5
Nf4 41. fxg6+ Nxg6 42. dxc4 Qe8 43. Qh7+ Kf6 44. Qxb7 Qe5 45. Qc6+ Kg7 46. Qd7+
Kh6 47. Qxd5 Qf4+ 48. Qf3 Qd2+ 49. Kg1 Qe1+ 50. Kh2 Qd2+ 51. Qg2 Qf4+ 52. Qg3
Qd2+ 53. Kh3 Nf4+ 54. Kg4 Nh5 55. Qf3 Qg5+ 56. Kh3 Nf4+ 57. Kh2 Qh4+ 58. Kg1
Qe1+ 59. Kh2 Qh4+ 60. Kg1 Qe1+ 61. Kh2 Qh4+ 1/2-1/2

[Event "Top Jeunes"]
[Site "Niort"]
[Date "2010.11.21"]
[Round "2.4"]
[White "Terrazzoni, Claire"]
[Black "Ek, Alexandre"]
[Result "1-0"]
[WhiteElo "1490"]
[BlackElo "1855"]
[PlyCount "121"]
[EventDate "2010.??.??"]
[WhiteTeam "Sautron"]
[BlackTeam "Villepinte"]

1. e4 c5 2. Nf3 Nc6 3. d4 cxd4 4. Nxd4 g6 5. c4 Nf6 6. Nc3 d6 7. Be2 Nxd4 8.
Qxd4 Bg7 9. Be3 O-O 10. Qd2 Be6 11. Rc1 Qa5 12. f3 Rfc8 13. b3 a6 14. Na4 Qxd2+
15. Kxd2 Nd7 16. g4 Rab8 17. Nc3 Ne5 18. Nd5 Nc6 19. h4 Bxd5 20. cxd5 Nb4 21.
a3 Na2 22. Rc4 b5 23. Rc6 Rxc6 24. dxc6 Rc8 25. Bd3 Rxc6 26. Bb1 Nc3 27. Bd3 a5
28. Rc1 b4 29. a4 e6 30. Bc4 Kf8 31. Bb5 Rc8 32. Bb6 Be5 33. Kd3 Ra8 34. Bc4 d5
35. exd5 exd5 36. Bb5 Nxb5 37. axb5 a4 38. bxa4 Rxa4 39. Bc5+ Kg7 40. Rb1 Ra3+
41. Ke2 Ra2+ 42. Kd3 Ra3+ 43. Ke2 Ra5 44. Bxb4 Ra2+ 45. Kd3 d4 46. Bc5 Rf2 47.
Bxd4 Bxd4 48. Kxd4 Kf6 49. b6 Rd2+ 50. Ke3 Rd8 51. b7 Rb8 52. Kd4 Ke6 53. Kc5
Ke5 54. Kc6 Kf4 55. Kc7 Rxb7+ 56. Rxb7 Kxf3 57. Kd6 Kxg4 58. Rxf7 Kxh4 59.
Rxh7+ Kg4 60. Ke5 g5 61. Rg7 1-0

[Event "Top Jeunes"]
[Site "Niort"]
[Date "2010.11.21"]
[Round "2.5"]
[White "O'Sullivan, Thomas"]
[Black "Eugene, Floryan"]
[Result "1-0"]
[WhiteElo "1813"]
[BlackElo "1609"]
[PlyCount "61"]
[EventDate "2010.??.??"]
[WhiteTeam "Villepinte"]
[BlackTeam "Sautron"]

1. d4 d5 2. c4 e6 3. Nc3 Nf6 4. e3 Be7 5. Nf3 O-O 6. Bd3 b6 7. O-O Bb7 8. Ne5
Bd6 9. f4 Nbd7 10. cxd5 Nxd5 11. Nxd5 exd5 12. Rf3 Nf6 13. Rh3 c5 14. Bxh7+ Kh8
15. Bc2+ Kg8 16. Bd2 Bc8 17. Rg3 Re8 18. Qf3 Bb7 19. Bc3 Rb8 20. Rf1 Bc7 21.
Rg5 Bd6 22. Qg3 Bf8 23. h4 Ne4 24. Bxe4 dxe4 25. Rh5 Qd6 26. Rh8+ Kxh8 27.
Nxf7+ Kg8 28. Nxd6 Bxd6 29. Qg6 Bf8 30. dxc5 bxc5 31. f5 1-0

[Event "Top Jeunes"]
[Site "Niort"]
[Date "2010.11.21"]
[Round "2.6"]
[White "Machiels, Etienne"]
[Black "Le Menelec, Erwan-Son"]
[Result "1/2-1/2"]
[WhiteElo "1573"]
[BlackElo "1716"]
[PlyCount "109"]
[EventDate "2010.??.??"]
[WhiteTeam "Sautron"]
[BlackTeam "Villepinte"]

1. e4 e5 2. Nf3 Nf6 3. Nxe5 d6 4. Nf3 Nxe4 5. d4 d5 6. Bd3 Bf5 7. O-O Be7 8.
Re1 O-O 9. c4 c6 10. Nc3 Nxc3 11. bxc3 Bg6 12. Ne5 Nd7 13. Nxg6 fxg6 14. Be3
Nf6 15. f3 Qc7 16. Bf2 Bd6 17. g3 Qf7 18. c5 Bc7 19. f4 Rae8 20. Qf3 Qd7 21. f5
Ne4 22. Bxe4 dxe4 23. Rxe4 Rxe4 24. Qxe4 Qxf5 25. Qxf5 gxf5 26. Rf1 Kf7 27. Be3
Ke6 28. c4 h6 29. Re1 Kd7 30. Rf1 g5 31. Kg2 Re8 32. Bf2 Re2 33. Rb1 b6 34.
cxb6 axb6 35. a3 Rc2 36. Rb4 Rc3 37. a4 Bd6 38. Rxb6 Rxc4 39. a5 Bc7 40. Ra6
Ra4 41. d5 cxd5 42. Rxh6 Rxa5 43. Rh5 Bd8 44. Be3 Ra2+ 45. Kg1 Ke6 46. Bxg5
Bxg5 47. Rxg5 d4 48. Kf1 Rxh2 49. g4 fxg4 50. Rxg4 Ke5 51. Ke1 Kd5 52. Kd1 Kc4
53. Rg3 d3 54. Rg8 Rh5 55. Rc8+ 1/2-1/2

[Event "Top Jeunes"]
[Site "Niort"]
[Date "2010.11.21"]
[Round "2.7"]
[White "Ek, Bora"]
[Black "Ragot Gaufreteau, Maelyss"]
[Result "1-0"]
[WhiteElo "1430"]
[BlackElo "1350"]
[PlyCount "81"]
[EventDate "2010.??.??"]
[WhiteTeam "Villepinte"]
[BlackTeam "Sautron"]

1. e4 c5 2. Nf3 d6 3. d4 cxd4 4. Nxd4 Nf6 5. Nc3 g6 6. Be3 Bg7 7. Bc4 O-O 8.
O-O Nc6 9. Qd2 a6 10. Rad1 Qc7 11. Nxc6 bxc6 12. Bb3 Be6 13. Rfe1 Rab8 14. Bh6
Bxb3 15. axb3 Rfd8 16. Bxg7 Kxg7 17. h3 e5 18. Re3 Qe7 19. Rd3 Ne8 20. Rf3 Nf6
21. Qe2 d5 22. exd5 cxd5 23. Rfd3 d4 24. Rxd4 Rxd4 25. Rxd4 Re8 26. Rd1 e4 27.
Qxa6 e3 28. Qe2 exf2+ 29. Qxf2 Qb7 30. Re1 Re6 31. Rxe6 fxe6 32. Qd4 Qe7 33.
Qe5 Kf7 34. Qf4 Qa7+ 35. Kh2 Qc5 36. Ne4 Qe7 37. Nxf6 Qxf6 38. Qxf6+ Kxf6 39.
c4 e5 40. Kg3 Ke6 41. Kf3 1-0

[Event "Top Jeunes"]
[Site "Niort"]
[Date "2010.11.21"]
[Round "2.8"]
[White "Kocausta, Antoine"]
[Black "Trouve, Guillaume"]
[Result "0-1"]
[WhiteElo "1630"]
[BlackElo "1614"]
[PlyCount "64"]
[EventDate "2010.??.??"]
[WhiteTeam "Villepinte"]
[BlackTeam "Sautron"]

1. d4 d5 2. c4 e6 3. Nc3 Nf6 4. Bg5 Be7 5. Nf3 h6 6. Bh4 O-O 7. e3 b6 8. Be2
Bb7 9. O-O Nbd7 10. Bg3 a6 11. Qc2 c5 12. e4 dxe4 13. Nd2 cxd4 14. Ncxe4 Nxe4
15. Nxe4 Nf6 16. Nxf6+ Bxf6 17. Rad1 e5 18. f4 e4 19. Kh1 d3 20. Bxd3 exd3 21.
Rxd3 Qc8 22. Re1 Re8 23. Rde3 Rxe3 24. Rxe3 Qc5 25. Bf2 Qc6 26. Bg3 Bd4 27. Rd3
Qe4 28. Qd2 Bc5 29. Qc2 Re8 30. Qd2 Qe2 31. Qxe2 Rxe2 32. Rd7 Bxg2# 0-1

[Event "Top Jeunes"]
[Site "Niort"]
[Date "2010.11.21"]
[Round "2.9"]
[White "Trouve, Guillaume"]
[Black "Ek, Bora"]
[Result "1-0"]
[WhiteElo "1614"]
[BlackElo "1430"]
[PlyCount "145"]
[EventDate "2010.??.??"]
[WhiteTeam "Sautron"]
[BlackTeam "Villepinte"]

1. e4 c5 2. Nf3 d6 3. d4 cxd4 4. Nxd4 Nf6 5. Nc3 g6 6. Be3 Bg7 7. f3 O-O 8. Qd2
Nc6 9. Bc4 Bd7 10. O-O-O Rc8 11. Bb3 Re8 12. g4 Na5 13. h4 h5 14. gxh5 Nxh5 15.
Bh6 Nxb3+ 16. Nxb3 Bh8 17. Nd4 Rc4 18. Be3 Rc8 19. f4 e5 20. fxe5 Bxe5 21. Nb3
Be6 22. Bd4 Bf4 23. Be3 Be5 24. Nd4 Bh8 25. Ndb5 Rc6 26. Bd4 Bxd4 27. Qxd4 Re7
28. Nxd6 Rd7 29. Nxb7 Rxd4 30. Nxd8 Rxd1+ 31. Rxd1 Rb6 32. Nxe6 Rxe6 33. Rd7 a6
34. Kd2 Nf6 35. Rd4 Kf8 36. Ke3 Ng4+ 37. Kf4 Nf6 38. e5 Nh5+ 39. Ke4 Ng3+ 40.
Kd5 Nf5 41. Re4 Ne7+ 42. Kc4 Rc6+ 43. Kd3 Re6 44. Ne2 Nf5 45. Nd4 Nxd4 46. Kxd4
a5 47. Kd5 Kg7 48. c4 Kf8 49. c5 Kg7 50. c6 Re8 51. e6 fxe6+ 52. Rxe6 Rc8 53.
Kd6 Rd8+ 54. Ke7 Rc8 55. Kd7 Ra8 56. c7 Ra7 57. Kd8 Rxc7 58. Kxc7 Kf7 59. Kd7
a4 60. a3 Kg7 61. Ke7 Kh6 62. Kf7 Kh5 63. Rxg6 Kxh4 64. Kf6 Kh5 65. Kf5 Kh4 66.
Rg5 Kh3 67. Rg4 Kh2 68. Kf4 Kh3 69. Kf3 Kh2 70. Rg3 Kh1 71. Kf2 Kh2 72. Rf3 Kh1
73. Rh3# 1-0

[Event "Top Jeunes"]
[Site "Niort"]
[Date "2010.11.21"]
[Round "2.10"]
[White "Ragot Gaufreteau, Maelyss"]
[Black "Kocausta, Antoine"]
[Result "1-0"]
[WhiteElo "1350"]
[BlackElo "1630"]
[PlyCount "62"]
[EventDate "2010.??.??"]
[WhiteTeam "Sautron"]
[BlackTeam "Villepinte"]

1. e4 e5 2. Nf3 Nc6 3. d4 exd4 4. Nxd4 Bc5 5. Nxc6 bxc6 6. e5 d6 7. Bf4 Qh4 8.
Bg3 Qe4+ 9. Qe2 Qxe2+ 10. Bxe2 Ne7 11. O-O O-O 12. Rd1 dxe5 13. Bxe5 Bb6 14.
Nc3 Bf5 15. Rd2 Rfd8 16. Rad1 h6 17. Rxd8+ Rxd8 18. Rxd8+ Kh7 19. Bd3 Bxd3 20.
Rxd3 Ng6 21. Bd4 Ba5 22. Bxa7 Bb4 23. a3 Be7 24. Rd7 Bf6 25. Rxc7 c5 26. Rxc5
Bg5 27. b4 Bf6 28. b5 Bg5 29. b6 Bf6 30. b7 Ne7 31. b8=Q g6 1-0

[Event "Top Jeunes"]
[Site "Levallois-Perret"]
[Date "2010.11.21"]
[Round "2.1"]
[White "LEMEILLE, François"]
[Black "FIGIEL, Alexis"]
[Result "1-0"]
[WhiteElo "2049"]
[BlackElo "1737"]
[PlyCount "103"]
[WhiteTeam "Bois-Colombes"]
[BlackTeam "Potemkine"]

1. e4 c6 2. d4 d5 3. exd5 cxd5 4. c4 Nf6 5. Nc3 Nc6 6.
Be3 e6 7. Nf3 Be7 8. Rc1 a6 9. Be2 O-O 10. O-O dxc4 11. Bxc4 b5 12. Bd3 Nb4 13.
Bb1 Bb7 14. a3 Nbd5 15. Ne2 Qd6 16. Ng3 Rfc8 17. Qd3 Nf4 18. Bxf4 Qxf4 19.
Rxc8+ Rxc8 20. Nh5 Qh6 21. Nxf6+ Bxf6 22. Qe3 Qh5 23. Be4 Bxe4 24. Qxe4 Qd5 25.
Qe3 g6 26. h3 Rc2 27. b4 Qc4 28. Ne5 Qc3 29. Qe4 Rd2 30. Nd7 Bd8 31. Qa8 Qc7
32. Nf6+ Kf8 33. Ng4 Qd6 34. Qa7 Rxd4 35. Ne3 Bc7 36. g3 h5 37. Rc1 Bd8 38. h4
Kg7 39. Qa8 a5 40. Rc6 Qf8 41. bxa5 Qxa3 42. a6 Be7 43. Qb7 Bd6 44. a7 Ra4 45.
Rxd6 Qxd6 46. a8=Q Rxa8 47. Qxa8 Qc5 48. Qa2 Kf6 49. Qc2 Qd6 50. Qb3 Ke7 51.
Qxb5 f5 52. Qb2 1-0

[Event "Top Jeunes"]
[Site "Levallois-Perret"]
[Date "2010.11.21"]
[Round "2.2"]
[White "SOK, Michael"]
[Black "TRIBOULIN, Boyann"]
[Result "1/2-1/2"]
[WhiteElo "1717"]
[BlackElo "1700"]
[PlyCount "112"]
[WhiteTeam "Potemkine"]
[BlackTeam "Bois-Colombes"]

1. d4 d5 2. c4 e6 3. Nc3 Bb4 4. Bd2 Nf6 5. Nf3 c6 6. e3
Nbd7 7. Bd3 dxc4 8. Bxc4 O-O 9. O-O c5 10. dxc5 Nxc5 11. a3 Bxc3 12. Bxc3 Nfe4
13. Qxd8 Rxd8 14. Rfd1 Bd7 15. Bb4 Ba4 16. Rxd8+ Rxd8 17. Bxc5 Nxc5 18. Rc1 Nb3
19. Bxb3 Bxb3 20. Nd4 Bd5 21. f3 e5 22. Nb5 a6 23. Nc7 Rc8 24. Rc5 Bc6 25. Nd5
Kf8 26. e4 f6 27. Kf2 Kf7 28. b4 Bd7 29. Rxc8 Bxc8 30. Nb6 Be6 31. Ke3 Ke7 32.
Na4 Bc4 33. f4 Bb5 34. Nc3 exf4+ 35. Kxf4 Bf1 36. g3 Kd6 37. h4 Bh3 38. g4 g5+
39. hxg5 fxg5+ 40. Kf5 h5 41. e5+ Ke7 42. Nd5+ Kf8 43. Nf6 Kf7 44. Nxh5 Bxg4+
45. Kxg4 Ke6 46. Nf6 Kxe5 47. Nd7+ Kd6 48. Nc5 Kc6 49. a4 Kd5 50. Nxb7 Kc4 51.
b5 axb5 52. a5 Kd5 53. a6 Kc6 54. Kxg5 Kb6 55. Nc5 b4 56. Kf4 b3 1/2-1/2

[Event "Top Jeunes"]
[Site "Levallois-Perret"]
[Date "2010.11.21"]
[Round "2.3"]
[White "LAM-ROQUES, Kalvin"]
[Black "LUTARD, Florian"]
[Result "1/2-1/2"]
[WhiteElo "1871"]
[BlackElo "1712"]
[PlyCount "100"]
[WhiteTeam "Bois-Colombes"]
[BlackTeam "Potemkine"]

1. e4 c5 2. Nc3 e6 3. f4 Nc6 4. Nf3 d6 5. d3 Nf6 6. h3
Qc7 7. g4 g6 8. Bg2 Bg7 9. O-O a6 10. Be3 O-O 11. Nh4 Nd4 12. Ne2 e5 13. f5 Bd7
14. c3 Nxe2+ 15. Qxe2 b5 16. Qd2 a5 17. Bh6 b4 18. c4 a4 19. Bf3 a3 20. b3 Qd8
21. Ng2 Rb8 22. Rf2 Ne8 23. Raf1 Bxh6 24. Qxh6 g5 25. h4 f6 26. Ne3 Bc6 27. Be2
gxh4 28. Qxh4 Rb7 29. Rg2 Rg7 30. Kf2 Kf7 31. Rfg1 Rfg8 32. Nf1 Ke7 33. Nd2 Kd7
34. Nf3 Kc8 35. g5 fxg5 36. Rxg5 Rxg5 37. Rxg5 Rxg5 38. Nxg5 Qf6 39. Kg3 h6 40.
Ne6 Bd7 41. Qxf6 Nxf6 42. Ng7 Kd8 43. Kh4 Ke7 44. Nh5 Be8 45. Nxf6 Kxf6 46. Bh5
Bxh5 47. Kxh5 Kg7 48. f6+ Kxf6 49. Kxh6 Ke6 50. Kg6 Ke7 1/2-1/2

[Event "Top Jeunes"]
[Site "Levallois-Perret"]
[Date "2010.11.21"]
[Round "2.4"]
[White "PISSOT, Grégoire"]
[Black "JOUDELAT, Noémie"]
[Result "0-1"]
[WhiteElo "1660"]
[BlackElo "1775"]
[PlyCount "108"]
[WhiteTeam "Potemkine"]
[BlackTeam "Bois-Colombes"]

1. e4 c5 2. Nf3 Nc6 3. d4 cxd4 4. Nxd4 g6 5. Nc3 Bg7 6.
Be3 Nf6 7. Be2 d6 8. Nxc6 bxc6 9. Qd2 Rb8 10. Rb1 Qc7 11. f3 O-O 12. Bc4 Rd8
13. Rd1 d5 14. exd5 cxd5 15. Nxd5 Nxd5 16. Bxd5 e6 17. c3 Rxd5 18. Qc2 Re5 19.
Kf2 Reb5 20. Rd2 Ba6 21. Rc1 Be5 22. g3 Bb7 23. a4 Rd5 24. Bxa7 Rxd2+ 25. Qxd2
Rd8 26. Qe3 Qc6 27. Bb6 Rd6 28. a5 Bf6 29. h4 Qb5 30. Qe2 Rd3 31. Be3 Qd5 32.
c4 Qd8 33. Rc2 Rb3 34. Qd2 Qxd2+ 35. Rxd2 Rxb2 36. Rxb2 Bxb2 37. Bb6 Ba6 38. c5
f5 39. c6 Kf7 40. Ke3 e5 41. g4 Ke6 42. gxf5+ gxf5 43. Kd2 Bd4 44. f4 Bb2 45.
fxe5 Bxe5 46. Ke3 Kd6 47. c7 Bh2 48. Kf2 Bb7 49. h5 Ke6 50. Ke3 Bg1+ 51. Kf4
Bxb6 52. axb6 Kf6 53. h6 Kg6 54. Ke5 Kg5 0-1

[Event "Top Jeunes"]
[Site "Levallois-Perret"]
[Date "2010.11.21"]
[Round "2.5"]
[White "GUERLACH, Keigo"]
[Black "LUTARD, Théo"]
[Result "1/2-1/2"]
[WhiteElo "1639"]
[BlackElo "1630"]
[PlyCount "132"]
[WhiteTeam "Bois-Colombes"]
[BlackTeam "Potemkine"]

1. e4 e5 2. Nf3 Nf6 3. Nxe5 d6 4. Nf3 Nxe4 5. Nc3 Nxc3 6.
dxc3 Be7 7. Bc4 O-O 8. Be3 Nd7 9. O-O c6 10. Be2 d5 11. c4 Nf6 12. Bg5 Bf5 13.
cxd5 cxd5 14. c3 Qd7 15. Bd3 Rfd8 16. Re1 Bxd3 17. Qxd3 Rac8 18. Rad1 h6 19.
Bh4 Rc7 20. Bg3 Bd6 21. Bxd6 Qxd6 22. h3 Rcd7 23. Ne5 Re7 24. Nf3 Rxe1+ 25.
Rxe1 Ne4 26. Nd2 Nc5 27. Qe3 d4 28. cxd4 Qxd4 29. Qxd4 Rxd4 30. Nf3 Rb4 31. b3
a5 32. Re5 b6 33. Re8+ Kh7 34. Re7 Kg6 35. Re3 a4 36. Ne5+ Kf6 37. Nd3 Nxd3 38.
Rxd3 axb3 39. axb3 b5 40. Kf1 Re4 41. Rd5 Rb4 42. Rd3 Re4 43. f3 Re5 44. Kf2
Kg6 45. Rd4 Kf6 46. Rd3 Kg6 47. Re3 Rd5 48. Ke2 Kf6 49. Re4 g6 50. Ke3 h5 51.
Rd4 Rc5 52. Kd3 Ke6 53. f4 f6 54. Rd8 Kf5 55. g3 b4 56. Ke2 Rc3 57. Rd3 Ke4 58.
Rxc3 bxc3 59. b4 Kd4 60. b5 Kc5 61. Kd3 Kxb5 62. Kxc3 Kc5 63. Kd3 Kd5 64. Ke3
f5 65. Kd3 Kc5 66. Kc3 Kd5 1/2-1/2

[Event "Top Jeunes"]
[Site "Levallois-Perret"]
[Date "2010.11.21"]
[Round "2.6"]
[White "COMMERCON, Joachim"]
[Black "BONNIN, Remi"]
[Result "1-0"]
[WhiteElo "1615"]
[BlackElo "1360"]
[PlyCount "91"]
[WhiteTeam "Potemkine"]
[BlackTeam "Bois-Colombes"]

1. e4 e5 2. Nc3 Nf6 3. f4 d6 4. Nf3 Bg4 5. Be2 Bxf3 6. Bxf3 Nc6 7. d3 g6 8. Be3
Bg7 9. a3 O-O 10. O-O Qd7 11. Kh1 Qe6 12. f5 gxf5 13. exf5 Qxf5 14. Bxc6 Qg4
15. Bf3 Qe6 16. Ne4 d5 17. Nxf6+ Bxf6 18. Bxd5 Qd6 19. Qg4+ Kh8 20. Be4 Rg8 21.
Qh5 Rg7 22. Qh6 Rg6 23. Bxg6 fxg6 24. Qh3 a6 25. Bh6 Re8 26. Rae1 Bg7 27. Bxg7+
Kxg7 28. Qf3 Kh8 29. Qf6+ Qxf6 30. Rxf6 Kg7 31. Rf3 c5 32. Kg1 b5 33. c4 bxc4
34. dxc4 Re7 35. Rd3 Kf6 36. Rd6+ Re6 37. Rxe6+ Kxe6 38. Kf2 Kf5 39. Kf3 g5 40.
g4+ Kf6 41. Ke4 Ke6 42. Rf1 h6 43. Rf5 a5 44. Rxe5+ Kd6 45. Kf5 a4 46. Rd5+ 1-0

[Event "Top Jeunes"]
[Site "Levallois-Perret"]
[Date "2010.11.21"]
[Round "2.7"]
[White "ARIZA, Thomas"]
[Black "EA, Thibault"]
[Result "1/2-1/2"]
[WhiteElo "1670"]
[BlackElo "1528"]
[PlyCount "79"]
[WhiteTeam "Bois-Colombes"]
[BlackTeam "Potemkine"]

1. e4 e6 2. Nc3 c6 3. Nf3 d5 4. d4 Nd7 5. Be2 Ne7 6. Be3 Ng6 7. O-O Be7 8. h3
O-O 9. a3 Nb6 10. Re1 Bd7 11. Bd3 Qc7 12. exd5 exd5 13. Bxg6 fxg6 14. Ne5 Bf5
15. Rc1 Bd6 16. Nf3 Nc4 17. Rb1 Rfe8 18. Qc1 Nxe3 19. fxe3 Bg3 20. Rf1 Qe7 21.
Ne2 Bd6 22. Re1 Qxe3+ 23. Qxe3 Rxe3 24. Rbc1 Rae8 25. Kf2 R3e7 26. c3 Be4 27.
Neg1 Bxf3 28. Nxf3 Rxe1 29. Rxe1 Rxe1 30. Nxe1 Kf7 31. Nd3 Kf6 32. Ke3 g5 33.
Kf3 h5 34. g3 g6 35. g4 h4 36. Ke2 Bf4 37. Kd1 Bd6 38. Ke2 Ke7 39. Kd1 Kd7 40.
Ke2 1/2-1/2